[Event "chess.com Speed 5m+1spm 2018"]
[Site "chess.com INT"]
[Date "2018.09.07"]
[Round "1.3"]
[White "Giri, Anish"]
[Black "Mamedyarov, Shakhriyar"]
[Result "1/2-1/2"]
[WhiteTitle "GM"]
[BlackTitle "GM"]
[WhiteElo "2782"]
[BlackElo "2801"]
[WhiteFideId "24116068"]
[BlackFideId "13401319"]
[EventDate "2018.07.24"]

1. e4 e5 2. Nf3 Nc6 3. Bb5 a6 4. Ba4 Nf6 5. O-O Nxe4 6. d4 b5 7. Bb3 d5 8. dxe5
Be6 9. Qe2 Be7 10. Rd1 O-O 11. c4 bxc4 12. Bxc4 Bc5 13. Be3 Bxe3 14. Qxe3 Qb8
15. Bb3 Na5 16. Nbd2 Qa7 17. Nxe4 Qxe3 18. fxe3 Nxb3 19. axb3 dxe4 20. Nd4 c5
21. Nc6 Rfe8 22. Ra5 Bxb3 23. Rd6 h6 24. h4 h5 25. Kh2 Kf8 26. Kg3 Rec8 27. Rxc5
Ba4 28. b4 Bxc6 29. Rcxc6 Rxc6 30. Rxc6 a5 31. bxa5 Rxa5 32. Kf4 Ke7 33. g3 Ra4
34. Kf5 Ra7 35. Rb6 Ra5 36. Rb7+ Kf8 37. Kxe4 Ra4+ 38. Kf3 Ra5 39. Kf4 Ra4+ 40.
e4 Ra6 41. Rd7 Ra3 42. Rd8+ Ke7 43. Rh8 g6 44. Rb8 Rc3 45. Rb7+ Ke6 46. Rb6+ Ke7
47. Ra6 Rb3 48. Ra7+ Ke6 49. Ra6+ Ke7 50. Ra1 Ke6 51. Rd1 Ra3 52. Rd6+ Ke7 53.
Rb6 Rc3 54. Ra6 Rb3 55. e6 fxe6 56. Ra7+ Kd6 57. e5+ Kc6 58. Re7 Rb4+ 59. Kg5
Rg4+ 60. Kf6 Rxg3 61. Rxe6+ Kd7 62. Re7+ Kd8 63. Rh7 Rg4 64. Rh8+ Kc7 65. e6
Rf4+ 66. Kxg6 Kd6 67. Kxh5 Kxe6 68. Kg6 Rg4+ 69. Kh5 Rg1 70. Rh6+ Kf7 71. Ra6
Kg7 72. Ra7+ Kg8 73. Kh6 Rg4 74. Ra8+ Kf7 75. h5 Rg1 76. Ra7+ Kf6 77. Ra6+ Kf7
78. Ra2 Kf6 79. Rf2+ Ke7 80. Kh7 Rg3 81. h6 Rg1 82. Kh8 Rg3 83. h7 Rg1 84. Rf3
Rg2 85. Re3+ Kf7 86. Rf3+ Ke7 87. Re3+ Kf7 88. Rg3 Rxg3 1/2-1/2

[Event "chess.com Speed 5m+1spm 2018"]
[Site "chess.com INT"]
[Date "2018.09.07"]
[Round "1.4"]
[White "Mamedyarov, Shakhriyar"]
[Black "Giri, Anish"]
[Result "1/2-1/2"]
[WhiteTitle "GM"]
[BlackTitle "GM"]
[WhiteElo "2801"]
[BlackElo "2782"]
[WhiteFideId "13401319"]
[BlackFideId "24116068"]
[EventDate "2018.07.24"]

1. Nc3 e5 2. e4 Nf6 3. g3 d5 4. exd5 Nxd5 5. Bg2 Nxc3 6. bxc3 Bc5 7. d3 O-O 8.
Nf3 Nc6 9. O-O Bg4 10. h3 Bh5 11. g4 Bg6 12. Re1 e4 13. dxe4 Qxd1 14. Rxd1 Bxe4
15. Nd4 Bxg2 16. Kxg2 Rfd8 17. Be3 Ne5 18. Bf4 Bd6 19. Nb5 a6 20. Nxd6 cxd6 21.
Rd4 Rac8 22. Rad1 f6 23. Rxd6 Rxd6 24. Rxd6 Rxc3 25. Bxe5 fxe5 26. Rd8+ Kf7 27.
Rd7+ Kf8 28. Rxb7 Rxc2 29. Rb8+ Kf7 30. Rb7+ Kf8 31. Rb8+ Kf7 32. Rb7+ Kf8 33.
Rb8+ 1/2-1/2

[Event "chess.com Speed 5m+1spm 2018"]
[Site "chess.com INT"]
[Date "2018.09.07"]
[Round "1.5"]
[White "Giri, Anish"]
[Black "Mamedyarov, Shakhriyar"]
[Result "1-0"]
[WhiteTitle "GM"]
[BlackTitle "GM"]
[WhiteElo "2782"]
[BlackElo "2801"]
[WhiteFideId "24116068"]
[BlackFideId "13401319"]
[EventDate "2018.07.24"]

1. d4 Nf6 2. c4 e5 3. dxe5 Ng4 4. Nf3 Bc5 5. e3 Nc6 6. Be2 O-O 7. O-O Ngxe5 8.
Nc3 Nxf3+ 9. Bxf3 Ne5 10. Be2 Re8 11. b3 a5 12. Na4 Bf8 13. Bb2 d6 14. Nc3 c6
15. Qd2 Qh4 16. f4 Ng4 17. Bxg4 Bxg4 18. e4 a4 19. Rae1 axb3 20. axb3 f6 21. Ra1
Bh5 22. f5 Bf7 23. Rxa8 Rxa8 24. Rd1 Re8 25. Ba3 b5 26. cxb5 cxb5 27. Nxb5 Bxb3
28. Rb1 Bf7 29. Nc3 g6 30. Bxd6 Rd8 31. Qf4 Qxf4 32. Bxf4 Bc5+ 33. Kh1 Re8 34.
fxg6 hxg6 35. Rb8 Rxb8 36. Bxb8 Kg7 37. h3 g5 38. Kh2 Bg6 39. Kg3 Bb4 40. Nd5
Bc5 41. Kf3 Kf7 42. g4 Ke6 43. Bc7 Bd4 44. Ba5 Be8 45. Nc7+ Kf7 46. Nxe8 Kxe8
47. Ke2 Kf7 48. Kd3 Bf2 49. Bc3 Ke6 50. Bd4 Bg3 51. Kc4 Bd6 52. Kd3 Bf4 53. Ke2
Bd6 54. Kf3 Bf4 55. h4 1-0

[Event "chess.com Speed 5m+1spm 2018"]
[Site "chess.com INT"]
[Date "2018.09.07"]
[Round "1.6"]
[White "Mamedyarov, Shakhriyar"]
[Black "Giri, Anish"]
[Result "0-1"]
[WhiteTitle "GM"]
[BlackTitle "GM"]
[WhiteElo "2801"]
[BlackElo "2782"]
[WhiteFideId "13401319"]
[BlackFideId "24116068"]
[EventDate "2018.07.24"]

1. g3 d5 2. Bg2 g6 3. Nf3 Bg7 4. O-O e5 5. d3 Nc6 6. Nbd2 Nge7 7. e4 O-O 8. exd5
Nxd5 9. Re1 Re8 10. a3 Bf5 11. Ne4 b6 12. Bg5 f6 13. c4 Bxe4 14. Rxe4 Nde7 15.
Bc1 Qd7 16. Re1 Rad8 17. Bf1 Nf5 18. Bd2 Nfd4 19. Bc3 Nxf3+ 20. Qxf3 Nd4 21.
Bxd4 Qxd4 22. b4 Qd7 23. c5 bxc5 24. bxc5 Qd5 25. Qe3 Qd4 26. Rab1 Qxe3 27. fxe3
Bf8 28. Rec1 Rb8 29. d4 Bh6 0-1

[Event "chess.com Speed 5m+1spm 2018"]
[Site "chess.com INT"]
[Date "2018.09.07"]
[Round "1.7"]
[White "Giri, Anish"]
[Black "Mamedyarov, Shakhriyar"]
[Result "1/2-1/2"]
[WhiteTitle "GM"]
[BlackTitle "GM"]
[WhiteElo "2782"]
[BlackElo "2801"]
[WhiteFideId "24116068"]
[BlackFideId "13401319"]
[EventDate "2018.07.24"]

1. d4 Nf6 2. Nf3 b5 3. e3 a6 4. c4 bxc4 5. Bxc4 e6 6. O-O Bb7 7. Nc3 Be7 8. b3
O-O 9. Bb2 d5 10. Bd3 Nbd7 11. Rc1 c5 12. Na4 Rc8 13. Qe2 a5 14. Bb5 cxd4 15.
exd4 Rxc1 16. Rxc1 Qb8 17. Nc5 Bc8 18. Nxe6 fxe6 19. Qxe6+ Kh8 20. Bxd7 Bxd7 21.
Qxe7 a4 22. Ne5 axb3 23. axb3 Re8 24. Nxd7 Qf4 25. Qc5 Ng4 26. Ne5 Qxh2+ 27. Kf1
Qh1+ 28. Ke2 Qxg2 29. Rf1 Nh2 30. Rd1 Ng4 31. Rf1 Nh2 32. Rd1 Ng4 33. Rf1 1/2-1/2

[Event "chess.com Speed 5m+1spm 2018"]
[Site "chess.com INT"]
[Date "2018.09.07"]
[Round "1.8"]
[White "Mamedyarov, Shakhriyar"]
[Black "Giri, Anish"]
[Result "1-0"]
[WhiteTitle "GM"]
[BlackTitle "GM"]
[WhiteElo "2801"]
[BlackElo "2782"]
[WhiteFideId "13401319"]
[BlackFideId "24116068"]
[EventDate "2018.07.24"]

1. h3 d5 2. Nf3 g6 3. c4 c6 4. e3 Nf6 5. Nc3 Bg7 6. d4 O-O 7. Be2 dxc4 8. Bxc4
c5 9. d5 a6 10. a4 Nbd7 11. e4 Ne8 12. O-O Nd6 13. Bd3 Re8 14. Bf4 e5 15. dxe6
Rxe6 16. Re1 Ne5 17. Bxe5 Bxe5 18. Bc4 Bxc3 19. bxc3 Re8 20. Bd5 Rb8 21. Qb3 Be6
22. Rad1 Qe7 23. c4 b5 24. cxb5 axb5 25. Bxe6 fxe6 26. e5 bxa4 27. exd6 axb3 28.
dxe7 Rxe7 29. Nd2 b2 30. Rb1 Rb4 31. Re4 Reb7 32. Kf1 Rxe4 33. Nxe4 c4 34. Ke2
Kg7 35. Kd2 Kh6 36. Kc3 Kh5 37. Rxb2 1-0

[Event "chess.com Speed 5m+1spm 2018"]
[Site "chess.com INT"]
[Date "2018.09.07"]
[Round "1.9"]
[White "Giri, Anish"]
[Black "Mamedyarov, Shakhriyar"]
[Result "1-0"]
[WhiteTitle "GM"]
[BlackTitle "GM"]
[WhiteElo "2782"]
[BlackElo "2801"]
[WhiteFideId "24116068"]
[BlackFideId "13401319"]
[EventDate "2018.07.24"]

1. d4 Nc6 2. Nf3 d5 3. Bf4 Bf5 4. e3 e6 5. Be2 Bd6 6. Bg3 Nf6 7. O-O O-O 8. c4
Re8 9. Nc3 dxc4 10. Bxc4 a6 11. Qe2 e5 12. dxe5 Nxe5 13. Nxe5 Bxe5 14. Rad1 Qe7
15. Nd5 Nxd5 16. Rxd5 Qf6 17. Rfd1 Bxg3 18. hxg3 Be6 19. R5d2 g6 20. b4 Re7 21.
a4 h5 22. Bxe6 Qxe6 23. Qf3 Qe4 24. Qf4 Kg7 25. Rd7 Qxf4 26. gxf4 Kf8 27. R7d4
Rc8 28. Kh2 c5 29. bxc5 Rxc5 30. Kg3 b5 31. axb5 axb5 32. Rd8+ Kg7 33. Rb8 Kf6
34. Rb1 Rec7 35. Rb6+ Kg7 36. R1xb5 Rxb5 37. Rxb5 Rc3 38. f5 gxf5 39. Rxf5 Kg6
40. Ra5 f6 41. Kf3 Rb3 42. g3 Rb4 43. e4 Rb2 44. Ke3 Rb3+ 45. Kf4 Rb2 46. f3 Rb4
47. Ra6 Rc4 48. Ra8 Rb4 49. Rg8+ Kf7 50. Rc8 Kg6 51. Rc3 Ra4 52. Rc1 Rb4 53. Ra1
Rc4 54. Ra3 Rb4 55. Rd3 Ra4 56. Ke3 Kg5 57. Rd5+ Kg6 58. Rd4 Ra3+ 59. Kf4 Rb3
60. Ra4 Rc3 61. Ra6 Rc4 62. Rd6 Rb4 63. Ke3 Rb3+ 64. Rd3 Rb4 65. Ra3 Rb1 66. f4
Re1+ 67. Kf3 Rf1+ 68. Ke2 Rg1 69. Kf2 Rb1 70. Ra6 Kg7 71. Ra7+ Kg6 72. f5+ Kh6
73. Rf7 Rb6 74. Kg2 Ra6 75. Kh3 Rb6 76. Kh4 Ra6 77. Kh3 Rb6 78. Kg2 Ra6 79. Kf3
Rb6 80. Ke3 Rd6 81. Ke2 Kg5 82. Rg7+ Kh6 83. Rg6+ Kh7 84. Ke3 Ra6 85. Kf4 Rb6
86. Ke3 Ra6 87. Kd4 Rd6+ 88. Kc5 Ra6 89. Kb5 Rd6 90. Kc5 Ra6 91. Kd5 Rb6 92. Kd4
Rd6+ 93. Ke3 Ra6 94. Kf4 Rb6 95. g4 hxg4 96. Kxg4 Ra6 97. Kf4 Rb6 98. Ke3 Ra6
99. Kd4 Rd6+ 100. Kc5 Ra6 101. Kb5 Rd6 102. Kc4 Rc6+ 103. Kb4 Rb6+ 104. Kc3 Rc6+
105. Kd4 Rd6+ 106. Ke3 Ra6 107. Kf4 Rb6 108. Rg3 Ra6 109. Rg4 Rb6 110. Rg6 Ra6
111. Kg4 Rb6 112. Kf3 Ra6 113. Kf4 Rb6 114. Ke3 Ra6 115. Kd4 Rd6+ 116. Kc3 Rc6+
117. Kb3 Rb6+ 118. Ka4 Rd6 119. Kb5 Rd4 120. Rg4 Rd1 121. Kc5 Rd2 122. Rg6 1-0

[Event "chess.com Speed 3m+1spm 2018"]
[Site "chess.com INT"]
[Date "2018.09.07"]
[Round "1.10"]
[White "Mamedyarov, Shakhriyar"]
[Black "Giri, Anish"]
[Result "0-1"]
[WhiteTitle "GM"]
[BlackTitle "GM"]
[WhiteElo "2801"]
[BlackElo "2782"]
[WhiteFideId "13401319"]
[BlackFideId "24116068"]
[EventDate "2018.07.24"]

1. b4 e5 2. Bb2 Bxb4 3. Bxe5 Nf6 4. e3 O-O 5. Nf3 d5 6. Bb2 c5 7. Be2 Nc6 8. O-O
Re8 9. d4 c4 10. Ne5 Bf5 11. g4 Bc8 12. h3 Ba5 13. Kg2 Ne4 14. f3 Nd6 15. Nc3 f6
16. Nxc6 bxc6 17. Qc1 f5 18. Rb1 fxg4 19. hxg4 Qg5 20. e4 Qxc1 21. Rbxc1 dxe4
22. Nxe4 Nxe4 23. fxe4 Rxe4 24. Bxc4+ Be6 25. Bxe6+ Rxe6 26. c4 Rae8 27. Rc2 Rg6
28. Kh3 Re3+ 29. Kh2 Rxg4 30. d5 Bc7+ 0-1

[Event "chess.com Speed 3m+1spm 2018"]
[Site "chess.com INT"]
[Date "2018.09.07"]
[Round "1.11"]
[White "Giri, Anish"]
[Black "Mamedyarov, Shakhriyar"]
[Result "1-0"]
[WhiteTitle "GM"]
[BlackTitle "GM"]
[WhiteElo "2782"]
[BlackElo "2801"]
[WhiteFideId "24116068"]
[BlackFideId "13401319"]
[EventDate "2018.07.24"]

1. e4 d6 2. d4 Nf6 3. Nc3 g6 4. Nf3 c6 5. Be3 b5 6. e5 Ng4 7. Bf4 dxe5 8. dxe5
Qb6 9. Qd2 h5 10. h3 Nh6 11. O-O-O a6 12. g4 Be6 13. Ng5 Bd7 14. e6 Bxe6 15.
Nxe6 fxe6 16. Bd3 Kf7 17. Be5 Rg8 18. Qf4+ 1-0

[Event "chess.com Speed 3m+1spm 2018"]
[Site "chess.com INT"]
[Date "2018.09.07"]
[Round "1.12"]
[White "Mamedyarov, Shakhriyar"]
[Black "Giri, Anish"]
[Result "1/2-1/2"]
[WhiteTitle "GM"]
[BlackTitle "GM"]
[WhiteElo "2801"]
[BlackElo "2782"]
[WhiteFideId "13401319"]
[BlackFideId "24116068"]
[EventDate "2018.07.24"]

1. e3 e5 2. Nf3 e4 3. Nd4 Nc6 4. d3 Nxd4 5. exd4 exd3 6. Bxd3 Nf6 7. O-O Be7 8.
Re1 O-O 9. Bf4 d6 10. Nd2 Bg4 11. f3 Bh5 12. c3 Qd7 13. Ne4 Nxe4 14. Bxe4 c6 15.
Qc2 Bg6 16. Re2 d5 17. Bxg6 hxg6 18. Rae1 Rfe8 19. g4 Bh4 20. Bg3 Rxe2 21. Qxe2
Bxg3 22. hxg3 Kf8 23. Qh2 Kg8 24. Qe2 Kf8 25. Qh2 Kg8 26. Qe2 Kf8 27. Qh2 1/2-1/2

[Event "chess.com Speed 3m+1spm 2018"]
[Site "chess.com INT"]
[Date "2018.09.07"]
[Round "1.14"]
[White "Mamedyarov, Shakhriyar"]
[Black "Giri, Anish"]
[Result "1/2-1/2"]
[WhiteTitle "GM"]
[BlackTitle "GM"]
[WhiteElo "2801"]
[BlackElo "2782"]
[WhiteFideId "13401319"]
[BlackFideId "24116068"]
[EventDate "2018.07.24"]

1. Nc3 d5 2. e4 dxe4 3. Nxe4 Nd7 4. d4 Ngf6 5. Bd3 Nxe4 6. Bxe4 Nf6 7. Bf3 c6 8.
Ne2 Bg4 9. Bxg4 Nxg4 10. h3 Nf6 11. c4 e6 12. O-O Be7 13. b3 O-O 14. Bb2 Qc7 15.
Re1 Rad8 16. Qc2 Rfe8 17. Rad1 Bf8 18. Ng3 Bd6 19. Ne4 Nxe4 20. Rxe4 Be7 21. Re3
Bf6 22. Rf3 Qe7 23. Qe2 g6 24. Re3 Qf8 25. g3 Qg7 26. Red3 c5 27. Qd2 Rd7 28.
Qa5 b6 29. Qa4 Red8 30. b4 Bxd4 31. bxc5 bxc5 32. Bxd4 cxd4 33. c5 e5 34. c6 Rc7
35. Rc1 e4 36. Rb3 Qf6 37. Rb7 e3 38. Rxc7 Qxf2+ 39. Kh1 Qf3+ 40. Kh2 Qf2+ 41.
Kh1 e2 42. Re7 Qf3+ 43. Kh2 Qf2+ 44. Kh1 Qf1+ 45. Rxf1 exf1=Q+ 46. Kh2 Qf2+ 47.
Kh1 Rc8 48. c7 Qf1+ 49. Kh2 Qf2+ 50. Kh1 Kg7 51. Qd7 Qf1+ 52. Kh2 Qf2+ 53. Kh1
Qf1+ 54. Kh2 Qf2+ 55. Kh1 1/2-1/2

[Event "chess.com Speed 3m+1spm 2018"]
[Site "chess.com INT"]
[Date "2018.09.07"]
[Round "1.15"]
[White "Giri, Anish"]
[Black "Mamedyarov, Shakhriyar"]
[Result "1/2-1/2"]
[WhiteTitle "GM"]
[BlackTitle "GM"]
[WhiteElo "2782"]
[BlackElo "2801"]
[WhiteFideId "24116068"]
[BlackFideId "13401319"]
[EventDate "2018.07.24"]

1. e4 Nf6 2. e5 Ng8 3. d4 d6 4. Nf3 dxe5 5. Nxe5 Nd7 6. Nf3 Ngf6 7. g3 e6 8. Bg2
c5 9. O-O cxd4 10. Nxd4 Be7 11. a4 O-O 12. a5 a6 13. Nd2 Qc7 14. N2b3 Nc5 15.
Nxc5 Bxc5 16. Nb3 Ba7 17. Bg5 e5 18. Bxf6 gxf6 19. c3 Rd8 20. Qe2 Be6 21. Nd2 f5
22. Kh1 f6 23. Rfe1 Rd6 24. Nf1 Rad8 25. Rad1 Qxa5 26. Rxd6 Rxd6 27. Rd1 Rxd1
28. Qxd1 Bxf2 29. Bxb7 Qb5 30. Bf3 Kg7 31. b4 Ba7 32. Bg2 Qb6 33. Nd2 Qe3 34. c4
Bd4 35. c5 Bc3 36. Nf3 Bxb4 37. c6 Ba3 38. Nh4 Qd4 39. Qb1 Bc5 40. c7 f4 41. Bb7
fxg3 42. hxg3 e4 43. c8=Q Bxc8 44. Bxc8 Qd3 45. Qc1 Bd6 46. Nf5+ Kh8 47. Be6 Bf8
48. Qf4 Qf3+ 49. Qxf3 exf3 50. Bd5 f2 51. Kg2 Bc5 52. Nh6 a5 53. Bb3 Kg7 54. Ng4
Kg6 55. Nxf2 Bxf2 56. Kxf2 Kg5 57. Kf3 h5 58. Ba4 f5 59. Bb3 Kf6 60. g4 fxg4+
61. Kf4 Ke7 62. Ba4 Kd6 63. Be8 Kc5 64. Bxh5 a4 65. Bf7 a3 66. Kxg4 Kd4 67. Kf3
Kc3 68. Ke2 Kb2 69. Kd1 a2 70. Bxa2 1/2-1/2

[Event "chess.com Speed 3m+1spm 2018"]
[Site "chess.com INT"]
[Date "2018.09.07"]
[Round "1.16"]
[White "Mamedyarov, Shakhriyar"]
[Black "Giri, Anish"]
[Result "1/2-1/2"]
[WhiteTitle "GM"]
[BlackTitle "GM"]
[WhiteElo "2801"]
[BlackElo "2782"]
[WhiteFideId "13401319"]
[BlackFideId "24116068"]
[EventDate "2018.07.24"]

1. Nf3 d5 2. Nc3 Nf6 3. d4 e6 4. Bf4 a6 5. e3 c5 6. Bd3 cxd4 7. exd4 Nc6 8. O-O
Be7 9. Ne2 Nb4 10. c3 Nxd3 11. Qxd3 O-O 12. Ne5 Nd7 13. Kh1 Nxe5 14. Bxe5 Bd7
15. Qd2 Bb5 16. Rfe1 Bxe2 17. Rxe2 Bd6 18. Rae1 b5 19. g3 Rb8 20. h4 a5 21. h5
h6 22. b3 Rc8 23. Kg2 b4 24. Rc1 Bxe5 25. Rxe5 Qd6 26. Re3 Rfd8 27. cxb4 axb4
28. Ree1 Qb6 29. Red1 Re8 30. Rc2 Rxc2 31. Qxc2 Ra8 32. Rd2 Qb7 33. Qc1 Rc8 34.
Rc2 Rxc2 35. Qxc2 Qa7 36. Qc8+ Kh7 37. Qc2+ Kg8 38. Qc8+ Kh7 39. Qc2+ Kg8 1/2-1/2

[Event "chess.com Speed 3m+1spm 2018"]
[Site "chess.com INT"]
[Date "2018.09.07"]
[Round "1.17"]
[White "Giri, Anish"]
[Black "Mamedyarov, Shakhriyar"]
[Result "1/2-1/2"]
[WhiteTitle "GM"]
[BlackTitle "GM"]
[WhiteElo "2782"]
[BlackElo "2801"]
[WhiteFideId "24116068"]
[BlackFideId "13401319"]
[EventDate "2018.07.24"]

1. e4 Nf6 2. e5 Ng8 3. d4 d6 4. exd6 cxd6 5. Nf3 Nf6 6. c4 g6 7. Nc3 Bg7 8. Be2
O-O 9. O-O Re8 10. h3 a6 11. Be3 e6 12. Rc1 d5 13. c5 Nc6 14. a3 Ne4 15. b4 Nxc3
16. Rxc3 e5 17. dxe5 Nxe5 18. Bd4 Bf5 19. Nxe5 Bxe5 20. Bf3 Be4 21. Bxe5 Rxe5
22. Qd4 Qe7 23. Rd1 Re8 24. Bxe4 dxe4 25. Qd6 f5 26. Qxe7 R8xe7 27. c6 bxc6 28.
Rxc6 a5 29. Rb1 Rb7 30. g3 axb4 31. axb4 Reb5 32. Rc4 Kg7 33. h4 Kf6 34. f3 exf3
35. Kf2 Rd7 36. Kxf3 Rd3+ 37. Kf2 Rd2+ 38. Kf3 Rd3+ 39. Kf2 Rd2+ 40. Kf3 Rd3+ 1/2-1/2

[Event "chess.com Speed 3m+1spm 2018"]
[Site "chess.com INT"]
[Date "2018.09.07"]
[Round "1.18"]
[White "Mamedyarov, Shakhriyar"]
[Black "Giri, Anish"]
[Result "0-1"]
[WhiteTitle "GM"]
[BlackTitle "GM"]
[WhiteElo "2801"]
[BlackElo "2782"]
[WhiteFideId "13401319"]
[BlackFideId "24116068"]
[EventDate "2018.07.24"]

1. f4 Nf6 2. Nf3 g6 3. g3 b6 4. Bg2 Bb7 5. O-O Bg7 6. d3 d5 7. c4 dxc4 8. Qa4+
Nbd7 9. Qxc4 O-O 10. Nc3 e6 11. Qa4 a6 12. Qc2 b5 13. e4 c5 14. Kh1 Rc8 15. Rd1
b4 16. Na4 c4 17. dxc4 Bxe4 18. Qe2 Bc6 19. Nc5 Bxf3 0-1

[Event "chess.com Speed 3m+1spm 2018"]
[Site "chess.com INT"]
[Date "2018.09.07"]
[Round "1.19"]
[White "Giri, Anish"]
[Black "Mamedyarov, Shakhriyar"]
[Result "0-1"]
[WhiteTitle "GM"]
[BlackTitle "GM"]
[WhiteElo "2782"]
[BlackElo "2801"]
[WhiteFideId "24116068"]
[BlackFideId "13401319"]
[EventDate "2018.07.24"]

1. e4 e5 2. Nf3 Nc6 3. Bb5 a6 4. Ba4 Nf6 5. O-O Nxe4 6. d4 b5 7. Bb3 d5 8. dxe5
Be6 9. Qe2 Be7 10. Rd1 Nc5 11. Bxd5 Bxd5 12. Nc3 Bc4 13. Rxd8+ Rxd8 14. Qe1 Nb4
15. Bg5 Bxg5 16. e6 Nxc2 17. exf7+ Kf8 18. Qe5 Be7 19. Rb1 b4 20. Ne4 Nxe4 21.
Qxe4 Bd3 22. Qc6 Nd4 23. Nxd4 Bxb1 24. h4 Bg6 25. Ne6+ Kxf7 26. Qc4 Kf6 27. Ng5
Rd1+ 28. Kh2 Bd6+ 29. g3 Re8 30. Qc6 Ree1 31. Qf3+ Ke7 0-1

[Event "chess.com Speed 3m+1spm 2018"]
[Site "chess.com INT"]
[Date "2018.09.07"]
[Round "1.20"]
[White "Mamedyarov, Shakhriyar"]
[Black "Giri, Anish"]
[Result "1-0"]
[WhiteTitle "GM"]
[BlackTitle "GM"]
[WhiteElo "2801"]
[BlackElo "2782"]
[WhiteFideId "13401319"]
[BlackFideId "24116068"]
[EventDate "2018.07.24"]

1. d4 Nf6 2. c4 e6 3. Nc3 d5 4. cxd5 Nxd5 5. e4 Nxc3 6. bxc3 c5 7. Rb1 Be7 8.
Bb5+ Bd7 9. Ne2 Bxb5 10. Rxb5 b6 11. O-O O-O 12. Be3 Nd7 13. Qd3 Rc8 14. Rd1
cxd4 15. cxd4 Nf6 16. f3 Qd7 17. a4 Rfd8 18. a5 bxa5 19. Rxa5 Bb4 20. Ra6 Rc6
21. Rda1 Rxa6 22. Qxa6 Ra8 23. h3 h6 24. Rb1 Qe7 25. Nf4 Rd8 26. Nd3 Bc3 27. Qc4
Nd5 28. exd5 exd5 29. Qxc3 Qxe3+ 30. Kh1 1-0

[Event "chess.com Speed 3m+1spm 2018"]
[Site "chess.com INT"]
[Date "2018.09.07"]
[Round "1.21"]
[White "Giri, Anish"]
[Black "Mamedyarov, Shakhriyar"]
[Result "0-1"]
[WhiteTitle "GM"]
[BlackTitle "GM"]
[WhiteElo "2782"]
[BlackElo "2801"]
[WhiteFideId "24116068"]
[BlackFideId "13401319"]
[EventDate "2018.07.24"]

1. e4 c6 2. d4 d5 3. exd5 cxd5 4. Bd3 Nf6 5. c3 Nc6 6. Bf4 Bg4 7. Qb3 Qc8 8. Nd2
e6 9. Ngf3 Be7 10. O-O O-O 11. Rfe1 Bh5 12. g3 Bg6 13. Bxg6 hxg6 14. h4 Re8 15.
Kg2 Nh5 16. Be3 b5 17. a3 a5 18. Qd1 b4 19. a4 Rb8 20. Rc1 bxc3 21. bxc3 Bd6 22.
c4 Qd7 23. cxd5 exd5 24. Nb3 Ne7 25. Ne5 Bxe5 26. dxe5 Rb4 27. Nc5 Qf5 28. Qf3
d4 29. Bd2 Rb2 30. Bxa5 Qxf3+ 31. Kxf3 Nc6 32. Bc7 Ra2 33. Bd6 f6 34. e6 f5 35.
Nd3 Na5 36. Ne5 Nb3 37. Rc7 Nd2+ 38. Kg2 Ne4 39. Nxg6 Nxd6 40. Rd7 Ne4 41. Ne7+
Kh7 42. Nxf5 Rxf2+ 43. Kh3 Rxf5 44. Rxe4 Nf6 45. Rexd4 Rxe6 46. Ra7 Rf3 47. Rf4
Rxf4 48. gxf4 Re3+ 49. Kg2 Nd5 50. f5 Ra3 51. Kf2 Kh6 52. a5 Ne3 53. f6 Ng4+ 54.
Kg2 Nxf6 55. a6 Kh7 56. Ra8 Nd5 57. h5 Nc7 58. Ra7 Nxa6 59. Kh2 Ra4 60. Kg3 Nc5
61. Re7 Ne4+ 62. Kh4 Nf6+ 63. Kg5 Ra5+ 0-1

[Event "chess.com Speed 1m+1spm 2018"]
[Site "chess.com INT"]
[Date "2018.09.07"]
[Round "1.22"]
[White "Mamedyarov, Shakhriyar"]
[Black "Giri, Anish"]
[Result "0-1"]
[WhiteTitle "GM"]
[BlackTitle "GM"]
[WhiteElo "2801"]
[BlackElo "2782"]
[WhiteFideId "13401319"]
[BlackFideId "24116068"]
[EventDate "2018.07.24"]

1. d4 d5 2. Nf3 Nf6 3. Bg5 Ne4 4. Bf4 c5 5. e3 Nc6 6. Nbd2 Nxd2 7. Qxd2 cxd4 8.
exd4 e6 9. c3 Be7 10. Bd3 O-O 11. h4 a6 12. g4 b5 13. g5 b4 14. h5 bxc3 15. bxc3
Bd6 16. Kf1 a5 17. Kg2 Ba6 18. Bxa6 Rxa6 19. Bxd6 Qxd6 20. Rae1 Rb6 21. Rh4 Ne7
22. h6 g6 23. Ne5 Nf5 24. Rh3 Qc7 25. Ng4 Rfb8 26. Nf6+ Kh8 27. Re2 a4 28. a3
Rb3 29. Qe1 Rb1 30. Qd2 Ra1 31. c4 dxc4 32. d5 e5 33. d6 Nxd6 34. Rxe5 Qc6+ 35.
Rf3 Rb3 36. Re3 Rxe3 37. Qxe3 Nf5 38. Qf4 Rb1 39. Kh2 Qd6 40. Qxd6 Nxd6 41. Re3
Rb8 42. Re7 c3 43. Rc7 Rc8 0-1

[Event "chess.com Speed 1m+1spm 2018"]
[Site "chess.com INT"]
[Date "2018.09.07"]
[Round "1.23"]
[White "Giri, Anish"]
[Black "Mamedyarov, Shakhriyar"]
[Result "1/2-1/2"]
[WhiteTitle "GM"]
[BlackTitle "GM"]
[WhiteElo "2782"]
[BlackElo "2801"]
[WhiteFideId "24116068"]
[BlackFideId "13401319"]
[EventDate "2018.07.24"]

1. e4 Nf6 2. e5 Ng8 3. d4 d6 4. Nf3 dxe5 5. Nxe5 Nd7 6. Nf3 g6 7. Bc4 e6 8. O-O
Bg7 9. Re1 Ne7 10. Nc3 O-O 11. Bg5 h6 12. Bh4 c6 13. Ne4 g5 14. Nfxg5 hxg5 15.
Bxg5 Re8 16. Qh5 Qc7 17. Re3 b5 18. Bb3 c5 19. dxc5 Bb7 20. Nd6 Ng6 21. Nxe8
Rxe8 22. Bxe6 Ndf8 23. Bh3 Re5 24. Rxe5 Qxe5 25. Qg4 Qxb2 26. Re1 Qxc2 27. Qf5
Qxa2 28. Be3 Qd5 29. Qxd5 Bxd5 30. Rc1 Bc6 31. Bd2 Ne6 32. Bf5 Nd4 33. Bd3 Ne5
34. Bf1 Nb3 35. Rd1 Nxd2 36. Rxd2 b4 37. f4 Nd7 38. Rd6 b3 39. Rxc6 Bd4+ 40. Kh1
Nxc5 41. Rc8+ Kg7 42. Rb8 a5 43. Bc4 a4 44. g3 a3 45. Bxb3 Nxb3 46. Rxb3 a2 47.
Ra3 a1=Q+ 48. Rxa1 Bxa1 49. Kg2 Kf6 50. Kf3 Ke6 51. Ke4 Bb2 52. g4 f5+ 53. gxf5+
Kf6 54. Kf3 Kxf5 55. Kg3 Bf6 56. Kf3 Be7 57. Kg3 Bd6 58. Kf3 Bxf4 59. h3 Bg5 60.
h4 Bxh4 1/2-1/2

[Event "chess.com Speed 1m+1spm 2018"]
[Site "chess.com INT"]
[Date "2018.09.07"]
[Round "1.24"]
[White "Mamedyarov, Shakhriyar"]
[Black "Giri, Anish"]
[Result "1-0"]
[WhiteTitle "GM"]
[BlackTitle "GM"]
[WhiteElo "2801"]
[BlackElo "2782"]
[WhiteFideId "13401319"]
[BlackFideId "24116068"]
[EventDate "2018.07.24"]

1. e4 e5 2. Nc3 Nf6 3. Bc4 Nxe4 4. Qh5 Nd6 5. Bb3 Be7 6. Nf3 Nc6 7. Nb5 O-O 8.
Nxd6 cxd6 9. d3 Bf6 10. h4 g6 11. Qg4 d5 12. h5 d6 13. Qg3 Be6 14. Bg5 Nd4 15.
Nxd4 Bxg5 16. Nxe6 fxe6 17. hxg6 hxg6 18. f3 Qf6 19. Ke2 Kg7 20. Qg4 Rh8 21. g3
Rxh1 22. Rxh1 Rh8 23. Rxh8 Kxh8 24. Qa4 a6 25. Qd7 Qe7 26. Qc8+ Kg7 27. a4 a5
28. c3 Bh6 29. Kd1 Be3 30. Kc2 b6 31. Kb1 Bc5 32. Ka2 Qf6 33. Qd7+ Kh6 34. f4
exf4 35. gxf4 Kh5 36. Bd1+ Kh4 37. Qh7+ Kg3 38. Qg8 Kxf4 39. d4 Bxd4 40. cxd4
Qxd4 41. Qf7+ Kg5 42. Qe7+ Qf6 43. Qc7 e5 44. Qxb6 d4 45. Qxa5 Kf4 46. Qd2+ Kg3
47. a5 e4 48. Qe1+ Kf4 49. Qf2+ Ke5 50. Qxf6+ Kxf6 51. a6 e3 52. a7 d3 53. a8=Q
e2 54. Qf3+ Ke5 55. Bxe2 dxe2 56. Qxe2+ Kf4 57. Qd2+ Kf3 58. Qxd6 g5 59. Qf6+
Ke4 60. b4 1-0